000
00316nam a2200121Ia 4500
008
191201s2013 xx 000 0 und d
100
_a
SHARMA, Puran Chand
245
0
_a
Pandit Manga Ram Granthawali
260
_a
N. Delhi
_b
Haryana Granth Academy
_c
2013
300
_a
600
650
_a
General Books
942
_2
ddc
_c
BK
999
_c
6719
_d
6719